[Event "Gibraltar Masters 2020"]
[Site "Caleta ENG"]
[Date "2020.01.21"]
[Round "1.104"]
[White "Bulmaga, Irina"]
[Black "Huguet, Sergio"]
[Result "1-0"]
[WhiteTitle "IM"]
[BlackTitle "FM"]
[WhiteElo "2446"]
[BlackElo "2055"]
[WhiteFideId "13903063"]
[BlackFideId "2212552"]
[EventDate "2020.01.21"]

1. e4 c5 2. Nf3 g6 3. c3 Bg7 4. d4 cxd4 5. cxd4 d5 6. e5 Nc6 7. Bb5 Bg4 8. Bxc6+
bxc6 9. Nbd2 Qb6 10. O-O e6 11. h3 Bxf3 12. Nxf3 Ne7 13. Bg5 h6 14. Bf6 Bxf6 15.
exf6 Nf5 16. Rc1 O-O 17. Qd2 Kh7 18. Qf4 Rac8 19. g4 g5 20. Qe5 Nh4 21. Nxh4
gxh4 22. Qh5 Rg8 23. Qxf7+ Kh8 24. Qxe6 Rce8 25. Qf5 Rg5 26. f7 Rf8 27. Qf6+ Kh7
28. Rxc6 1-0

[Event "Gibraltar Masters 2020"]
[Site "Caleta ENG"]
[Date "2020.01.21"]
[Round "1.105"]
[White "Hng, Mei-En Emmanuelle"]
[Black "Kobo, Ori"]
[Result "0-1"]
[WhiteTitle "WFM"]
[BlackTitle "GM"]
[WhiteElo "2055"]
[BlackElo "2445"]
[WhiteFideId "5804566"]
[BlackFideId "2812320"]
[EventDate "2020.01.21"]

1. e4 g6 2. d4 Bg7 3. Nc3 d6 4. Be2 Nf6 5. h3 O-O 6. Nf3 c6 7. O-O Nbd7 8. e5
dxe5 9. dxe5 Ne8 10. Bc4 Nc7 11. Qe2 b5 12. Bd3 Nc5 13. Be3 Nxd3 14. cxd3 Be6
15. b3 Nd5 16. Ne4 Nxe3 17. Qxe3 Bd5 18. Rac1 Qd7 19. Rfe1 a5 20. Nc5 Qa7 21.
Nd4 Rfd8 22. Rc2 a4 23. b4 a3 24. Nf3 Rac8 25. Nd2 f6 26. d4 fxe5 27. dxe5 Rf8
28. Rc3 Ra8 29. Nb1 Qc7 30. Nxa3 Bxa2 31. Nc2 Rf5 32. Ra3 Rxa3 33. Qxa3 Bd5 34.
Qa8+ Rf8 35. Qa1 h6 36. Ne3 Bf7 37. Ng4 h5 38. Nh2 Bd5 39. Qd4 Kh7 40. Nd3 Bc4
41. Nc5 Rd8 42. Qc3 Qc8 43. Nf3 Qf5 44. Nh4 Qf4 45. Nf3 Bd5 46. Rd1 Ra8 47. Nd3
Qf5 48. Nh4 Qe4 49. Nf3 Qc4 50. Ng5+ Kg8 51. Qd2 Ra2 52. Qe3 Bh6 53. e6 Ra8 54.
Ne5 Qc2 55. Rd3 Ra1+ 56. Kh2 Qb1 57. Rxd5 cxd5 58. Qb6 Bxg5 59. Nf7 Bf4+ 0-1

[Event "Gibraltar Masters 2020"]
[Site "Caleta ENG"]
[Date "2020.01.21"]
[Round "1.106"]
[White "Ladron De Guevara Pinto, Paolo"]
[Black "George, Lolomari Erekosima"]
[Result "1-0"]
[WhiteTitle "IM"]
[BlackTitle "CM"]
[WhiteElo "2445"]
[BlackElo "2053"]
[WhiteFideId "2290847"]
[BlackFideId "8501076"]
[EventDate "2020.01.21"]

1. e4 c6 2. d4 d5 3. e5 Bf5 4. h4 h5 5. Bd3 Bxd3 6. Qxd3 e6 7. Bg5 Qa5+ 8. Nd2
Qa6 9. c4 Nd7 10. Ngf3 Nb6 11. b3 Ne7 12. O-O Nf5 13. Qc2 Be7 14. Bxe7 Nxe7 15.
a4 O-O 16. Rfb1 Nd7 17. b4 Qb6 18. c5 Qc7 19. Nf1 Nf5 20. Ng3 Nxg3 21. fxg3 Rfe8
22. Re1 g6 23. Ng5 Nf8 24. Rf1 Re7 25. Ra3 Rd8 26. Raf3 Rdd7 27. Rf6 Kh8 28. Qe2
Qd8 29. g4 hxg4 30. Qxg4 Qc7 31. h5 a6 32. hxg6 Nxg6 1-0

[Event "Gibraltar Masters 2020"]
[Site "Caleta ENG"]
[Date "2020.01.21"]
[Round "1.107"]
[White "Skou, Niels"]
[Black "Panjwani, Raja"]
[Result "0-1"]
[BlackTitle "IM"]
[WhiteElo "2036"]
[BlackElo "2444"]
[WhiteFideId "1413155"]
[BlackFideId "2604493"]
[EventDate "2020.01.21"]

1. d4 Nf6 2. c4 e6 3. Nc3 Bb4 4. Qc2 d5 5. Bg5 dxc4 6. a3 Bxc3+ 7. bxc3 c5 8.
Qa4+ Nc6 9. Nf3 cxd4 10. Nxd4 Qa5 11. Qxa5 Nxa5 12. Bxf6 gxf6 13. e4 Rg8 14. h4
Ke7 15. f3 e5 16. Nc2 Be6 17. Ne3 b5 18. a4 a6 19. g4 Nb3 20. Ra3 Nc5 21. axb5
axb5 22. Rxa8 Rxa8 23. Rh2 Ra1+ 24. Nd1 Na4 25. Rc2 b4 26. cxb4 c3 27. Bb5 Bb3
28. Bxa4 Bxa4 29. Rxc3 Rxd1+ 30. Ke2 Rd4 31. h5 Rxb4 32. Rc7+ Kf8 33. Ke3 Rb2
34. Rc1 Bb5 35. Re1 Kg7 0-1

[Event "Gibraltar Masters 2020"]
[Site "Caleta ENG"]
[Date "2020.01.21"]
[Round "1.108"]
[White "Murzin, Volodar"]
[Black "Raghav, Srivathsav V"]
[Result "1-0"]
[WhiteTitle "IM"]
[WhiteElo "2442"]
[BlackElo "2023"]
[WhiteFideId "44155573"]
[BlackFideId "5073316"]
[EventDate "2020.01.21"]

1. d4 Nf6 2. Nf3 g6 3. Bg5 Bg7 4. Nbd2 d5 5. e3 O-O 6. Bd3 c5 7. c3 Nc6 8. O-O
Bg4 9. h3 Bxf3 10. Nxf3 Ne4 11. Bf4 Qb6 12. Qb3 Qxb3 13. axb3 cxd4 14. exd4 Nf6
15. b4 a6 16. Rfe1 e6 17. Nd2 Nd7 18. Nb3 Rfe8 19. b5 axb5 20. Bxb5 Rec8 21. Kf1
Bf6 22. g4 g5 23. Bg3 Bd8 24. Kg2 Kg7 25. f4 gxf4 26. Bxf4 Bh4 27. Rf1 h6 28.
Bh2 Rg8 29. Kh1 Rgc8 30. Nd2 Nb6 31. Nf3 Be7 32. Rab1 Nc4 33. Rf2 Ra5 34. Bxc4
dxc4 35. Rbf1 f6 36. Nd2 b5 37. Ne4 Rf8 38. Ng3 b4 39. Nh5+ Kg6 40. Bg3 bxc3 41.
bxc3 Ra3 42. d5 exd5 43. Nf4+ Kh7 44. Nxd5 Rf7 45. Re2 Bd8 46. Re6 Rd7 47. Rd1
Ne5 48. Bxe5 Kg7 49. Rd6 1-0

[Event "Gibraltar Masters 2020"]
[Site "Caleta ENG"]
[Date "2020.01.21"]
[Round "1.109"]
[White "Kozarcanin, Sead"]
[Black "Womacka, Mathias"]
[Result "0-1"]
[BlackTitle "GM"]
[WhiteElo "2019"]
[BlackElo "2439"]
[WhiteFideId "14504650"]
[BlackFideId "4611390"]
[EventDate "2020.01.21"]

1. b3 e5 2. Bb2 Nc6 3. e3 Nf6 4. Bb5 Bd6 5. Bxc6 dxc6 6. d3 Bg4 7. Ne2 Qe7 8.
Nd2 O-O-O 9. h3 Bh5 10. g4 Bg6 11. Ng3 h5 12. g5 Nd5 13. h4 f5 14. Qe2 e4 15.
dxe4 fxe4 16. O-O-O Be5 17. Nb1 Nb4 18. Bxe5 Qxe5 19. c3 Nd3+ 20. Kc2 Rdf8 21.
Rhf1 Nxf2 22. Rxf2 Qxg3 23. Rdf1 Rf3 24. Nd2 Rhf8 25. Rg2 Qxh4 26. Qc4 Qh3 27.
Rfg1 Qd7 28. Kc1 R3f7 29. Nxe4 Qf5 0-1

[Event "Gibraltar Masters 2020"]
[Site "Caleta ENG"]
[Date "2020.01.21"]
[Round "1.110"]
[White "Sardana, Rishi"]
[Black "Rudzinska, Michalina"]
[Result "1-0"]
[WhiteTitle "IM"]
[BlackTitle "WFM"]
[WhiteElo "2437"]
[BlackElo "2005"]
[WhiteFideId "25004301"]
[BlackFideId "1172883"]
[EventDate "2020.01.21"]

1. e4 c5 2. Nf3 e6 3. d4 cxd4 4. Nxd4 a6 5. c4 Nf6 6. Nc3 Bb4 7. Qd3 Qc7 8. a3
Be7 9. Be2 d6 10. O-O O-O 11. f4 Nc6 12. Be3 Bd7 13. Rac1 Nxd4 14. Bxd4 Rac8 15.
e5 Ne8 16. b4 f6 17. Qe3 g6 18. Rfd1 Ng7 19. exf6 Bxf6 20. Bxf6 Nf5 21. Qd2 Rxf6
22. Ne4 Rff8 23. Nxd6 Rcd8 24. Nxf5 exf5 25. Qd6 Qxd6 26. Rxd6 Bc6 27. Rcd1 Rxd6
28. Rxd6 Re8 29. Bf1 Re1 30. Kf2 Rb1 31. c5 Rb2+ 32. Ke3 Rb3+ 33. Kd4 Rxa3 34.
Bc4+ Kg7 35. Bd5 Bb5 36. Rb6 Rd3+ 37. Ke5 Re3+ 38. Kd6 Rd3 39. Rxb7+ Kh6 40.
Rxb5 axb5 41. c6 1-0

[Event "Gibraltar Masters 2020"]
[Site "Caleta ENG"]
[Date "2020.01.21"]
[Round "1.111"]
[White "Burke, Mitchell R"]
[Black "Krishna, C R G"]
[Result "0-1"]
[BlackTitle "IM"]
[WhiteElo "2001"]
[BlackElo "2436"]
[WhiteFideId "416231"]
[BlackFideId "5018625"]
[EventDate "2020.01.21"]

1. e4 e6 2. d4 d5 3. Nc3 Bb4 4. exd5 exd5 5. Bd3 Nc6 6. a3 Ba5 7. Ne2 Nge7 8.
O-O O-O 9. Be3 Nf5 10. Bxf5 Bxf5 11. Nf4 Bxc3 12. bxc3 Na5 13. Qh5 Qd7 14. Rfe1
f6 15. f3 Nc4 16. g4 g6 17. Qh6 Bxc2 18. Ra2 Ba4 19. Rae2 Rae8 20. Bf2 Rxe2 21.
Rxe2 Bd1 22. Ne6 Rf7 23. Nc5 Qc8 0-1

[Event "Gibraltar Masters 2020"]
[Site "Caleta ENG"]
[Date "2020.01.21"]
[Round "1.112"]
[White "Rakotomaharo, Fy Antenaina"]
[Black "Guerra Reig, Juan"]
[Result "1-0"]
[WhiteTitle "IM"]
[WhiteElo "2433"]
[BlackElo "1998"]
[WhiteFideId "13100050"]
[BlackFideId "2224801"]
[EventDate "2020.01.21"]

1. e4 c6 2. d4 d5 3. e5 Bf5 4. h4 h6 5. g4 Bh7 6. e6 Qd6 7. exf7+ Kxf7 8. Nf3
Nd7 9. Bd3 e5 10. Bxh7 Rxh7 11. h5 Re8 12. Kf1 Be7 13. dxe5 Nxe5 14. Bf4 Bf6 15.
g5 hxg5 16. Bxe5 Rxe5 17. Nxe5+ Bxe5 18. Nd2 Nf6 19. Qf3 Qb4 20. Qd3 Rxh5 21.
Rxh5 Nxh5 22. Re1 Qf4 23. Qf3 g4 24. Qxf4+ Bxf4 25. Nb3 g3 26. Rd1 g5 27. Na5
gxf2 28. Kxf2 Bc7 29. Nxb7 g4 30. b4 Bh2 31. Kg2 g3 32. Rf1+ Ke6 33. Na5 Ng7 34.
Nxc6 Kd6 35. Rf6+ Kc7 36. Nxa7 Kb7 37. Rf7+ 1-0

[Event "Gibraltar Masters 2020"]
[Site "Caleta ENG"]
[Date "2020.01.21"]
[Round "1.113"]
[White "Herzwurm, Robert"]
[Black "Astaneh Lopez, Alex"]
[Result "0-1"]
[BlackTitle "IM"]
[WhiteElo "1979"]
[BlackElo "2432"]
[WhiteFideId "4668570"]
[BlackFideId "2501430"]
[EventDate "2020.01.21"]

1. e4 c6 2. d4 d5 3. e5 c5 4. dxc5 e6 5. a3 Bxc5 6. b4 Bb6 7. Qg4 Kf8 8. Nf3 Nc6
9. Bd3 f6 10. Bb2 fxe5 11. Nxe5 Nf6 12. Qf4 Bc7 13. Qg5 Nxe5 14. Bxe5 Bxe5 15.
Qxe5 Kf7 16. O-O Bd7 17. Nd2 Qb8 18. Qg5 Re8 19. f4 a5 20. b5 Qd6 21. a4 Kg8 22.
Rae1 Re7 23. Qh4 Rf8 24. Kh1 Be8 25. Nf3 h6 26. Ne5 Qb4 27. Re3 Nd7 28. c3 Qc5
29. Ng4 Nf6 30. Rg3 Nxg4 31. Rxg4 Kh8 32. Rf3 e5 33. Rxg7 Rxg7 34. Qxh6+ Kg8 35.
Rg3 Rf7 36. Qh7+ Kf8 37. Qh8+ Ke7 38. Rxg7 e4 39. Rxf7+ Bxf7 40. Qe5+ Kf8 41.
Bxe4 Qe3 42. Qh8+ Ke7 43. Qe5+ Kf8 44. Qh8+ 0-1

[Event "Gibraltar Masters 2020"]
[Site "Caleta ENG"]
[Date "2020.01.21"]
[Round "1.114"]
[White "Chen, Qi b"]
[Black "Roman Lopez, Jesus"]
[Result "1-0"]
[WhiteTitle "IM"]
[WhiteElo "2432"]
[BlackElo "1973"]
[WhiteFideId "8614733"]
[BlackFideId "2291673"]
[EventDate "2020.01.21"]

1. e4 e5 2. Nf3 Nc6 3. Bb5 f5 4. d3 fxe4 5. dxe4 Nf6 6. O-O Bc5 7. Bxc6 bxc6 8.
Nxe5 O-O 9. Nc3 Qe8 10. Nd3 Bd4 11. e5 Bxc3 12. bxc3 Ne4 13. Qe1 Qg6 14. f3 Ng5
15. Bxg5 Qxg5 16. Rf2 d6 17. Qd2 Qg6 18. Rd1 d5 19. Qe3 a5 20. Qd4 Ba6 21. Nc5
Bc4 22. a4 h5 23. Re1 Rfe8 24. f4 Qf5 25. e6 Rab8 26. h3 Rb2 27. Re5 Qh7 28. f5
Qh6 29. Re1 Qf6 30. Qxf6 gxf6 31. Nd7 Kg7 32. Rf3 1-0

[Event "Gibraltar Masters 2020"]
[Site "Caleta ENG"]
[Date "2020.01.21"]
[Round "1.115"]
[White "Adewole, Adeyinka"]
[Black "Mendonca, Leon Luke"]
[Result "0-1"]
[BlackTitle "IM"]
[WhiteElo "1941"]
[BlackElo "2417"]
[WhiteFideId "8502544"]
[BlackFideId "35028561"]
[EventDate "2020.01.21"]

1. c4 Nf6 2. Nc3 e6 3. e4 d5 4. e5 d4 5. exf6 dxc3 6. bxc3 Qxf6 7. d4 e5 8. Nf3
Nc6 9. Bg5 Qg6 10. Bd3 e4 11. Qe2 f5 12. g4 Be7 13. gxf5 Bxf5 14. d5 exf3 15.
Qe3 Bxd3 16. dxc6 Qxg5 17. Qxd3 O-O 18. cxb7 Rad8 19. Qe3 Qg2 20. Rf1 Rfe8 21.
Rd1 Qxf1+ 0-1

[Event "Gibraltar Masters 2020"]
[Site "Caleta ENG"]
[Date "2020.01.21"]
[Round "1.116"]
[White "Low, Zhen Yu Cyrus"]
[Black "Obiamiwe, Paul"]
[Result "1-0"]
[WhiteTitle "IM"]
[WhiteElo "2415"]
[BlackElo "1920"]
[WhiteFideId "5804175"]
[BlackFideId "8500215"]
[EventDate "2020.01.21"]

1. e4 e5 2. Nf3 Nc6 3. Bc4 Bc5 4. O-O Nf6 5. d3 d6 6. c3 a6 7. Bb3 O-O 8. h3 h6
9. Re1 Re8 10. Nbd2 Ba7 11. Nf1 Be6 12. Bc2 d5 13. exd5 Bxd5 14. Ng3 Qd7 15. Be3
Bxe3 16. Rxe3 Rad8 17. Qe2 Bxf3 18. Qxf3 Nd5 19. Ree1 Nf6 20. Nf5 Re6 21. Bb3
Nd5 22. Ne3 Nce7 23. Qg3 Rg6 24. Ng4 f6 25. Qf3 c6 26. Rad1 Qf5 27. Qe4 Kf8 28.
Bc2 Qg5 29. d4 f5 30. Qxe5 fxg4 31. Bxg6 Nxg6 32. Qxg5 hxg5 33. hxg4 Re8 34.
Rxe8+ Kxe8 35. Rd3 Kf7 36. Rf3+ Nf6 37. Rf5 Ne7 38. Rxg5 g6 39. f3 Ned5 40. Re5
Nb6 41. Kf2 Nc4 42. Re2 g5 43. b3 Nb6 44. Re5 Kg6 45. c4 Nfd7 46. Re8 Kf7 47.
Rd8 Ke7 48. Rg8 Kf6 49. Kg3 a5 50. a4 c5 51. d5 Ne5 52. Rb8 Nbxc4 53. bxc4 Nxc4
54. Rxb7 Nd6 55. Rc7 c4 56. f4 Ne4+ 57. Kf3 Nd6 58. g3 1-0

[Event "Gibraltar Masters 2020"]
[Site "Caleta ENG"]
[Date "2020.01.21"]
[Round "1.117"]
[White "Johnsen, Sylvia"]
[Black "Merario Alarcon, Andres"]
[Result "0-1"]
[WhiteTitle "WFM"]
[BlackTitle "IM"]
[WhiteElo "1902"]
[BlackElo "2412"]
[WhiteFideId "1500988"]
[BlackFideId "24522767"]
[EventDate "2020.01.21"]

1. e4 c5 2. Nc3 Nc6 3. g3 g6 4. Bg2 Bg7 5. Nge2 e6 6. d3 Nge7 7. Bg5 O-O 8. Qd2
Rb8 9. O-O Re8 10. a3 b5 11. Rae1 a5 12. Bxe7 Qxe7 13. f4 Ba6 14. f5 b4 15. axb4
axb4 16. Nd1 c4 17. Kh1 b3 18. dxc4 Bxc4 19. c3 Ne5 20. Ne3 Bb5 21. Kg1 Bh6 22.
Qd4 Nc6 23. Qd2 Qc5 24. Rf3 Ne5 25. Nf4 Nxf3+ 26. Bxf3 Bc6 27. fxg6 fxg6 28. Kg2
Rf8 29. Ng4 Bg7 30. Nd3 Qb5 31. Qe3 h5 32. Ngf2 Rf7 33. Bd1 Rbf8 34. Nh3 Ra8 35.
Nb4 Ra1 36. Ng5 Bh6 37. h4 Rb1 38. Qd2 Bxg5 39. hxg5 Bxe4+ 40. Kh2 Qf5 41. Bxb3
Qf2+ 42. Qxf2 Rxf2+ 43. Kg1 Rg2+ 44. Kf1 Rxe1+ 45. Kxe1 Rxg3 46. Ba4 h4 47. Bxd7
Kf7 0-1

[Event "Gibraltar Masters 2020"]
[Site "Caleta ENG"]
[Date "2020.01.21"]
[Round "1.118"]
[White "Haug, Johannes"]
[Black "Gostelow, David W"]
[Result "1-0"]
[WhiteTitle "IM"]
[WhiteElo "2407"]
[BlackElo "1901"]
[WhiteFideId "1509268"]
[BlackFideId "413151"]
[EventDate "2020.01.21"]

1. e4 c5 2. Nf3 Nc6 3. Bb5 g6 4. Bxc6 dxc6 5. d3 Bg7 6. h3 b6 7. Nbd2 Qc7 8. O-O
e5 9. Nc4 Be6 10. b3 Bxc4 11. bxc4 Nf6 12. Be3 O-O 13. Qc1 Rfd8 14. Bh6 Bh8 15.
a4 Nd7 16. a5 b5 17. Nd2 a6 18. Be3 Bg7 19. g3 Qd6 20. Qa3 Rab8 21. Rae1 Rb7 22.
Kg2 Re8 23. f4 f6 24. f5 g5 25. Qa1 Qe7 26. h4 h6 27. Rh1 Bf8 28. Rh2 Qg7 29.
Reh1 Re7 30. hxg5 fxg5 31. Rxh6 Qxh6 32. Rxh6 Bxh6 33. Nf3 bxc4 34. Qc3 Rb5 35.
Qxc4+ Kg7 36. Bxg5 Rf7 37. Bxh6+ 1-0

[Event "Gibraltar Masters 2020"]
[Site "Caleta ENG"]
[Date "2020.01.21"]
[Round "1.119"]
[White "Teh, Wee Zhun"]
[Black "Kulkarni, Bhakti"]
[Result "0-1"]
[BlackTitle "IM"]
[WhiteElo "1857"]
[BlackElo "2404"]
[WhiteFideId "5707277"]
[BlackFideId "5019516"]
[EventDate "2020.01.21"]

1. d4 d5 2. c4 e6 3. Nc3 Be7 4. cxd5 exd5 5. Bf4 Nf6 6. e3 Bf5 7. h3 c6 8. Bd3
Bxd3 9. Qxd3 O-O 10. Nf3 Nbd7 11. O-O Re8 12. Rab1 a5 13. a3 a4 14. Rfc1 Bf8 15.
Qd1 Qa5 16. Ne5 Nxe5 17. Bxe5 Nd7 18. Bf4 Re6 19. Ne2 Bd6 20. Bxd6 Rxd6 21. Nf4
b5 22. Nd3 Nb6 23. Nc5 Qa7 24. Rc2 Nc4 25. Ra1 Qe7 26. Qf3 Re8 27. b3 axb3 28.
Nxb3 Rf6 29. Qd1 Nxa3 30. Rc5 Nc4 31. Na5 Nxa5 32. Rxa5 Rg6 33. Ra6 Qb7 34. Qa1
h6 35. Ra7 Qc8 36. Kh1 Qf5 37. Qf1 Rxe3 0-1

[Event "Gibraltar Masters 2020"]
[Site "Caleta ENG"]
[Date "2020.01.21"]
[Round "1.120"]
[White "Buksa, Nataliya"]
[Black "Wilson, Matthew R"]
[Result "1-0"]
[WhiteTitle "IM"]
[WhiteElo "2403"]
[BlackElo "1837"]
[WhiteFideId "14123622"]
[BlackFideId "423459"]
[EventDate "2020.01.21"]

1. e4 e5 2. Nf3 Nf6 3. Nxe5 d6 4. Nf3 Nxe4 5. d4 d5 6. Bd3 Bd6 7. O-O O-O 8.
Nbd2 Bf5 9. Re1 Re8 10. Nf1 c6 11. c4 Bg6 12. Qb3 Qd7 13. Nh4 Bh5 14. f3 Be7 15.
Nf5 Qxf5 16. fxe4 dxe4 17. Bxe4 Qd7 18. Ng3 Bh4 19. Bf4 Bg6 20. Bxg6 Rxe1+ 21.
Rxe1 hxg6 22. Rd1 Qg4 23. Qf3 Qxf3 24. gxf3 Na6 25. Ne4 Rd8 26. a3 Bf6 27. Nxf6+
gxf6 28. Kf2 Nc5 29. Be3 Ne6 30. Ke2 Nc7 31. a4 a6 32. a5 Ne8 33. b4 Nd6 34. Kd3
Nf5 35. Bf2 Kg7 36. Rb1 Rh8 37. h4 Nxh4 38. Bxh4 Rxh4 39. b5 Rh5 40. bxc6 bxc6
41. c5 Rh3 42. Ke2 Rh2+ 43. Ke3 Ra2 44. Rb6 Rxa5 45. Rxc6 Ra3+ 46. Kf4 g5+ 47.
Ke4 a5 48. Ra6 f5+ 49. Kxf5 Rxf3+ 50. Kxg5 f6+ 51. Kg4 Ra3 52. Rd6 a4 53. Kf5
Kf7 54. Rd7+ Ke8 55. c6 Re3 56. Kxf6 a3 57. d5 a2 58. Ra7 1-0

[Event "Gibraltar Masters 2020"]
[Site "Caleta ENG"]
[Date "2020.01.21"]
[Round "1.121"]
[White "Gravett, Alan D"]
[Black "Seul, Georg"]
[Result "0-1"]
[BlackTitle "IM"]
[WhiteElo "1824"]
[BlackElo "2401"]
[WhiteFideId "406171"]
[BlackFideId "4601653"]
[EventDate "2020.01.21"]

1. Nf3 d5 2. g3 c6 3. Bg2 Nf6 4. c4 dxc4 5. Na3 g6 6. Nxc4 Bg7 7. O-O O-O 8. d4
Be6 9. Nce5 Bd5 10. b3 Nbd7 11. Bb2 Nxe5 12. Nxe5 Bxg2 13. Kxg2 Qd5+ 14. Kg1
Rfd8 15. f3 c5 16. e4 Qe6 17. d5 Nxd5 18. Nxf7 Qxf7 19. exd5 Bxb2 0-1

[Event "Gibraltar Masters 2020"]
[Site "Caleta ENG"]
[Date "2020.01.21"]
[Round "1.122"]
[White "Gschnitzer, Adrian"]
[Black "Sagar, Siya"]
[Result "1-0"]
[WhiteTitle "FM"]
[WhiteElo "2388"]
[BlackElo "1740"]
[WhiteFideId "1270337"]
[BlackFideId "25098160"]
[EventDate "2020.01.21"]

1. c4 Nf6 2. Nc3 d5 3. cxd5 Nxd5 4. g3 e5 5. Bg2 Ne7 6. h4 g6 7. h5 Bg7 8. d3
Nbc6 9. h6 Bf6 10. Ne4 Nd5 11. Nxf6+ Nxf6 12. Bg5 Qd6 13. Nf3 Bd7 14. Nd2 Nd5
15. Bxd5 Qxd5 16. Ne4 Qa5+ 17. Kf1 Be6 18. Nf6+ Kf8 19. Rh4 Ne7 20. Rc1 c6 21.
Bd2 Qc7 22. Bb4 a5 23. Qa4 Qd8 24. Bc3 Nd5 25. Bxe5 Nxf6 26. Rd4 Bd5 27. e4 Qe7
28. Bxf6 Qxf6 29. exd5 Qf3 30. Kg1 cxd5 31. Rf4 Qh5 32. Qd4 Rg8 33. Qc5+ Ke8 34.
Re1+ Kd8 35. Qd6+ Kc8 36. Rc1# 1-0

[Event "Gibraltar Masters 2020"]
[Site "Caleta ENG"]
[Date "2020.01.21"]
[Round "1.123"]
[White "Winter, Kevin"]
[Black "Soumya, Swaminathan"]
[Result "0-1"]
[BlackTitle "WGM"]
[WhiteElo "1714"]
[BlackElo "2384"]
[WhiteFideId "421960"]
[BlackFideId "5016193"]
[EventDate "2020.01.21"]

1. e4 c5 2. d4 cxd4 3. c3 dxc3 4. Nxc3 Nc6 5. Nf3 d6 6. Bc4 e6 7. O-O Be7 8. Qe2
Nf6 9. Rd1 e5 10. Be3 O-O 11. h3 Be6 12. Bxe6 fxe6 13. Ng5 Qd7 14. Qc4 Nd8 15.
Nb5 h6 16. Nf3 a6 17. Nxe5 Qxb5 18. Qxb5 axb5 19. Ng6 Re8 20. f3 Kf7 21. Nxe7
Kxe7 22. e5 dxe5 23. a4 Rxa4 24. Rac1 Rc4 25. Bc5+ Kf7 26. Bd6 Nc6 27. Rxc4 bxc4
28. Rc1 Rd8 29. Bc5 b5 30. b3 cxb3 31. Bb6 b2 0-1

[Event "Gibraltar Masters 2020"]
[Site "Caleta ENG"]
[Date "2020.01.22"]
[Round "2.15"]
[White "Donchenko, Alexander"]
[Black "Gunina, Valentina"]
[Result "1-0"]
[WhiteTitle "GM"]
[BlackTitle "GM"]
[WhiteElo "2647"]
[BlackElo "2461"]
[WhiteFideId "24603295"]
[BlackFideId "4167570"]
[EventDate "2020.01.21"]

1. d4 Nf6 2. c4 e6 3. g3 Bb4+ 4. Nd2 d5 5. Bg2 O-O 6. Nf3 Nc6 7. O-O b6 8. Qc2
Bb7 9. Rd1 a5 10. a3 Bxd2 11. Bxd2 a4 12. Rac1 Ne4 13. Bf4 f6 14. Ne1 Qe7 15.
cxd5 exd5 16. Bxe4 dxe4 17. d5 Na5 18. Qxc7 Qe8 19. Qxb6 Qh5 20. Qe6+ Kh8 21.
Qxe4 Rfe8 22. Qf3 Qg6 23. Ng2 Ba6 24. Ne3 Nb3 25. Rc7 Re4 26. d6 Rg8 27. Re7 Rd4
28. Re1 Nd2 29. Qg4 Qxg4 30. Nxg4 Nc4 31. Ne3 Nxd6 32. Re6 Rd8 33. Rxd6 R4xd6
34. Bxd6 Rxd6 35. Rd1 1-0

[Event "Gibraltar Masters 2020"]
[Site "Caleta ENG"]
[Date "2020.01.22"]
[Round "2.58"]
[White "Ranaldi, Lucas"]
[Black "Pichot, Alan"]
[Result "0-1"]
[WhiteTitle "FM"]
[BlackTitle "GM"]
[WhiteElo "2296"]
[BlackElo "2606"]
[WhiteFideId "1519484"]
[BlackFideId "110973"]
[EventDate "2020.01.21"]

1. Nf3 d5 2. d4 Nf6 3. c4 e6 4. Nc3 Bb4 5. Bg5 h6 6. Bxf6 Qxf6 7. Qb3 c5 8. cxd5
exd5 9. a3 Bxc3+ 10. Qxc3 Nd7 11. e3 O-O 12. Be2 b6 13. O-O Bb7 14. Rfc1 c4 15.
a4 a6 16. b3 b5 17. axb5 axb5 18. Qb4 Bc6 19. Nd2 Qg6 20. Bf3 Rfc8 21. h3 Rxa1
22. Rxa1 Qc2 23. Bd1 Qd3 24. Rc1 Qg6 25. Bc2 Qe6 26. Ra1 Qe8 27. Nb1 Ra8 28. Ra3
Qb8 29. Bd1 Rxa3 30. Nxa3 Qf8 31. Qxf8+ Kxf8 32. bxc4 dxc4 33. Nc2 Ke7 34. Nb4
Kd6 35. f3 f5 36. Bc2 Nf6 37. Kf2 g6 38. Ke2 Nd5 39. Nxd5 Kxd5 40. Kd2 b4 41.
Kc1 b3 42. Bb1 c3 43. Bd3 f4 44. exf4 Kxd4 45. Bxg6 Bb5 0-1

[Event "Gibraltar Masters 2020"]
[Site "Caleta ENG"]
[Date "2020.01.22"]
[Round "2.59"]
[White "Santos Ruiz, Miguel"]
[Black "Petrov, Vladimir Sergeev"]
[Result "1/2-1/2"]
[WhiteTitle "GM"]
[BlackTitle "IM"]
[WhiteElo "2591"]
[BlackElo "2353"]
[WhiteFideId "22291482"]
[BlackFideId "2902940"]
[EventDate "2020.01.21"]

1. e4 c5 2. Nf3 d6 3. d4 cxd4 4. Nxd4 Nf6 5. Nc3 a6 6. Be3 e5 7. Nb3 Be6 8. f3
Be7 9. Qd2 O-O 10. O-O-O Nbd7 11. g4 b5 12. g5 b4 13. gxf6 bxc3 14. Qxc3 Nxf6
15. Na5 Rc8 16. Nc6 Qe8 17. Nxe7+ Qxe7 18. Qa5 Rc6 19. Kb1 Rfc8 20. Rd2 Nh5 21.
Be2 f5 22. exf5 Bxf5 23. Rc1 Qf7 24. Ka1 Be6 25. Qa4 Qc7 26. f4 Nxf4 27. Bxf4
exf4 28. Qxf4 Qa5 29. a3 Rb8 30. Rf1 Rc3 31. Qxd6 Rxa3+ 32. Qxa3 Qxd2 33. Qxa6
Qd5 34. Rd1 1/2-1/2

[Event "Gibraltar Masters 2020"]
[Site "Caleta ENG"]
[Date "2020.01.22"]
[Round "2.60"]
[White "Heinemann, Josefine"]
[Black "Tregubov, Pavel V."]
[Result "1/2-1/2"]
[WhiteTitle "WGM"]
[BlackTitle "GM"]
[WhiteElo "2317"]
[BlackElo "2588"]
[WhiteFideId "12900460"]
[BlackFideId "4115341"]
[EventDate "2020.01.21"]

1. e4 e6 2. d4 d5 3. Nd2 c5 4. Ngf3 Nc6 5. exd5 exd5 6. Bb5 Qe7+ 7. Be2 Qc7 8.
O-O Nf6 9. Re1 Be6 10. dxc5 Bxc5 11. Nb3 Bb6 12. c3 Ng4 13. Nbd4 Bxd4 14. cxd4
O-O 15. Bg5 f6 16. Bc1 g5 17. Bb5 Bf5 18. Bxc6 bxc6 19. h3 Nh6 20. h4 Ng4 21.
hxg5 Be4 22. Be3 Bxf3 23. Qxf3 Qh2+ 24. Kf1 Nxe3+ 25. Qxe3 Qh1+ 26. Ke2 Qh5+ 27.
Kf1 Qh1+ 28. Ke2 Qh5+ 29. Kf1 Qh1+ 30. Ke2 Qh5+ 1/2-1/2